<?xml version="1.0" encoding="UTF-8"?>
<record
    xmlns:xsi="http://www.w3.org/2001/XMLSchema-instance"
    xsi:schemaLocation="http://www.loc.gov/MARC21/slim http://www.loc.gov/standards/marcxml/schema/MARC21slim.xsd"
    xmlns="http://www.loc.gov/MARC21/slim">

  <leader>00933nam a2200253 a 4500</leader>
  <controlfield tag="003">OSt</controlfield>
  <controlfield tag="005">20141230171920.0</controlfield>
  <controlfield tag="008">141209s2014    spc||||gr|||||0|| 0bcat|d</controlfield>
  <datafield tag="020" ind1=" " ind2=" ">
    <subfield code="a">9788415232759 (Efad&#xF3;s)</subfield>
  </datafield>
  <datafield tag="020" ind1=" " ind2=" ">
    <subfield code="a">9788498506044 (Ajuntament de Barcelona)</subfield>
  </datafield>
  <datafield tag="040" ind1=" " ind2=" ">
    <subfield code="b">cat</subfield>
    <subfield code="c">CDMR</subfield>
  </datafield>
  <datafield tag="100" ind1="1" ind2=" ">
    <subfield code="a">Venteo, Daniel</subfield>
  </datafield>
  <datafield tag="245" ind1="1" ind2="3">
    <subfield code="a">La Barcelona d'entreguerres 1914-1936 </subfield>
    <subfield code="b">: fotografies dels Merletti </subfield>
    <subfield code="c">Daniel Venteo</subfield>
  </datafield>
  <datafield tag="260" ind1=" " ind2=" ">
    <subfield code="a">Barcelona :</subfield>
    <subfield code="b">Efad&#xF3;s </subfield>
    <subfield code="b">Ajuntament de Barcelona</subfield>
    <subfield code="c">2014</subfield>
  </datafield>
  <datafield tag="300" ind1=" " ind2=" ">
    <subfield code="a">200 p. </subfield>
    <subfield code="b">il. </subfield>
    <subfield code="c">30 cm</subfield>
  </datafield>
  <datafield tag="501" ind1=" " ind2=" ">
    <subfield code="a">Amb: Fotoperiodisme amb nom propi : Alexandre i Camil Merletti / a cura de Pep Parer</subfield>
  </datafield>
  <datafield tag="600" ind1="1" ind2="4">
    <subfield code="a">Merletti i Quaglia, Alessandro,</subfield>
    <subfield code="d">1860-1943</subfield>
  </datafield>
  <datafield tag="610" ind1="2" ind2="4">
    <subfield code="a">Institut d'Estudis Fotogr&#xE0;fics de Barcelona</subfield>
  </datafield>
  <datafield tag="651" ind1=" " ind2="4">
    <subfield code="a">Barcelona </subfield>
    <subfield code="x">Hist&#xF2;ria </subfield>
    <subfield code="x">Fonts</subfield>
  </datafield>
  <datafield tag="700" ind1="1" ind2=" ">
    <subfield code="a">Parer, Pep</subfield>
  </datafield>
  <datafield tag="710" ind1="2" ind2=" ">
    <subfield code="a">Institut d'Estudis Fotogr&#xE0;fics de Catalunya</subfield>
  </datafield>
  <datafield tag="710" ind1="1" ind2=" ">
    <subfield code="a">Barcelona</subfield>
    <subfield code="b"> -- Ajuntament</subfield>
    <subfield code="9">2829</subfield>
  </datafield>
  <datafield tag="942" ind1=" " ind2=" ">
    <subfield code="c">MON</subfield>
  </datafield>
  <datafield tag="999" ind1=" " ind2=" ">
    <subfield code="c">6778</subfield>
    <subfield code="d">6778</subfield>
  </datafield>
  <datafield tag="952" ind1=" " ind2=" ">
    <subfield code="0">0</subfield>
    <subfield code="1">0</subfield>
    <subfield code="4">0</subfield>
    <subfield code="7">0</subfield>
    <subfield code="a">CDMR</subfield>
    <subfield code="b">CDMR</subfield>
    <subfield code="d">2014-12-30</subfield>
    <subfield code="e">Intercanvi</subfield>
    <subfield code="g">35.74</subfield>
    <subfield code="l">0</subfield>
    <subfield code="o">Ar 2</subfield>
    <subfield code="p">CDMR1412301414</subfield>
    <subfield code="r">2014-12-30</subfield>
    <subfield code="v">35.74</subfield>
    <subfield code="w">2014-12-30</subfield>
    <subfield code="y">MON</subfield>
  </datafield>
</record>
